[Event "29th Avoine Open 2014"]
[Site "Avoine FRA"]
[Date "2014.07.19"]
[Round "1.51"]
[White "Devaure, Guillaume"]
[Black "Bizovi, Mihai"]
[Result "0-1"]
[WhiteElo "1943"]
[BlackElo "2157"]
[WhiteFideId "679828"]
[BlackFideId "13903748"]
[EventDate "2014.07.19"]

1. e4 c5 2. Nc3 Nc6 3. f4 e6 4. Nf3 Nge7 5. Bb5 a6 6. Bxc6 Nxc6 7. O-O Be7 8. d3
O-O 9. Qe1 d5 10. Qg3 Nd4 11. f5 Kh8 12. exd5 Nxc2 13. fxe6 Nxa1 14. Ne5 fxe6
15. Rf7 Bf6 16. Bg5 Qe8 17. Rxf8+ Qxf8 18. Qf3 Kg8 0-1

[Event "29th Avoine Open 2014"]
[Site "Avoine FRA"]
[Date "2014.07.19"]
[Round "1.52"]
[White "Cau, Benjamin"]
[Black "Hartmann, Dominique"]
[Result "1-0"]
[WhiteElo "2148"]
[BlackElo "1943"]
[WhiteFideId "621625"]
[BlackFideId "616354"]
[EventDate "2014.07.19"]

1. e4 c5 2. Nf3 d6 3. d4 cxd4 4. Nxd4 Nf6 5. Nc3 a6 6. g3 b5 7. Bg2 Bb7 8. O-O
e6 9. Re1 Nbd7 10. a4 b4 11. Na2 Qc7 12. Nxb4 d5 13. Nxd5 exd5 14. exd5+ Kd8 15.
Nc6+ Kc8 16. a5 Bd6 17. Ra4 Bxc6 18. dxc6 Nc5 19. Bh3+ Kb8 20. Rd4 Re8 21. Rxd6 1-0

[Event "29th Avoine Open 2014"]
[Site "Avoine FRA"]
[Date "2014.07.19"]
[Round "1.53"]
[White "Yche, Michel"]
[Black "Schmit, Vincent"]
[Result "0-1"]
[WhiteElo "1939"]
[BlackElo "2144"]
[WhiteFideId "640298"]
[BlackFideId "20622430"]
[EventDate "2014.07.19"]

1. e4 e5 2. f4 exf4 3. Nf3 d5 4. exd5 Nf6 5. Bc4 Nxd5 6. O-O Be6 7. Bb3 c5 8. c4
Nb6 9. d4 cxd4 10. Bxf4 Nc6 11. Ng5 Qd7 12. Nxe6 fxe6 13. Bg5 Be7 14. Bxe7 Qxe7
15. c5 Nd7 16. Bxe6 Qxe6 17. Re1 Nde5 18. Na3 O-O 19. Nb5 Qc4 20. Nxd4 Rad8 0-1

[Event "29th Avoine Open 2014"]
[Site "Avoine FRA"]
[Date "2014.07.19"]
[Round "1.54"]
[White "Malassagne, Raphael"]
[Black "Lombart, Philippe"]
[Result "1-0"]
[WhiteElo "2138"]
[BlackElo "1936"]
[WhiteFideId "20666276"]
[BlackFideId "202789"]
[EventDate "2014.07.19"]

1. c4 c5 2. Nc3 Nf6 3. Nf3 d5 4. cxd5 Nxd5 5. g3 Nc6 6. Bg2 Nc7 7. O-O e5 8. a3
Be7 9. b4 cxb4 10. axb4 f6 11. b5 Nd4 12. b6 axb6 13. Rxa8 Nxa8 14. Nxd4 exd4
15. Qa4+ Qd7 16. Nb5 O-O 17. Qc4+ Kh8 18. Bb2 Bc5 19. Rc1 d3 20. exd3 Qf5 21. d4
Be7 22. d5 Bd7 23. Nd4 Qh5 24. Ne6 b5 25. Qd4 Bxe6 26. dxe6 Rd8 27. Qe3 b6 28.
d4 Qe8 29. Bc6 Qf8 30. Bxb5 Rc8 31. Bd7 Rxc1+ 32. Qxc1 Qd8 33. Qc6 h6 34. Bc1 g5
35. d5 Qb8 36. Bb2 Kg7 37. Bc8 Nc7 38. d6 Bxd6 39. Qxd6 Qxc8 40. Qe7+ 1-0

[Event "29th Avoine Open 2014"]
[Site "Avoine FRA"]
[Date "2014.07.20"]
[Round "2.1"]
[White "Greenfeld, Alon"]
[Black "Eden, James"]
[Result "1-0"]
[WhiteTitle "GM"]
[WhiteElo "2540"]
[BlackElo "2207"]
[WhiteFideId "2800039"]
[BlackFideId "666491"]
[EventDate "2014.07.19"]

1. d4 d5 2. c4 c6 3. Nc3 Nf6 4. e3 g6 5. Nf3 Bg7 6. Be2 O-O 7. O-O Nbd7 8. cxd5
cxd5 9. b4 Nb6 10. Qb3 Ne4 11. Bb2 Be6 12. Rfd1 Rc8 13. Rac1 Nc4 14. Ba1 Nxc3
15. Bxc3 b5 16. Ne5 Nxe5 17. dxe5 d4 18. Qa3 Rxc3 19. Rxc3 dxc3 20. Rxd8 Rxd8
21. Qxc3 Rc8 22. Qb2 Bf5 23. Bd1 Rc4 24. f4 g5 25. Bb3 Re4 26. Bc2 Rxe3 27. Bxf5
gxf4 28. Qd4 Bxe5 29. Qd8+ Kg7 30. Qxe7 Bf6 31. Qxa7 Bh4 32. Qd4+ 1-0

[Event "29th Avoine Open 2014"]
[Site "Avoine FRA"]
[Date "2014.07.20"]
[Round "2.2"]
[White "Le Goff, Ronan"]
[Black "Lagarde, Maxime"]
[Result "0-1"]
[BlackTitle "GM"]
[WhiteElo "2198"]
[BlackElo "2521"]
[WhiteFideId "612073"]
[BlackFideId "662399"]
[EventDate "2014.07.19"]

1. d4 f5 2. Bg5 g6 3. Nd2 Bg7 4. e4 fxe4 5. Nxe4 Nh6 6. Nf3 Nf7 7. Be3 d5 8.
Neg5 Nxg5 9. Nxg5 Nc6 10. Bb5 O-O 11. f4 Nxd4 12. Bxd4 e5 13. O-O exd4 14. Bd3
Qd6 15. g3 c5 16. Rb1 Bd7 17. Re1 Rae8 18. b3 b5 19. Qd2 Re3 20. Kg2 Bc6 21. Nf3
Rfe8 22. c4 dxc4 0-1

[Event "29th Avoine Open 2014"]
[Site "Avoine FRA"]
[Date "2014.07.20"]
[Round "2.3"]
[White "Castellanos Rodriguez, Renier"]
[Black "Ribeiro, Romain"]
[Result "1-0"]
[WhiteTitle "IM"]
[WhiteElo "2479"]
[BlackElo "2204"]
[WhiteFideId "3404650"]
[BlackFideId "627275"]
[EventDate "2014.07.19"]

1. e4 e5 2. Nf3 Nc6 3. Bc4 Nf6 4. d3 Be7 5. O-O d6 6. c3 O-O 7. Re1 Na5 8. Bb5
a6 9. Ba4 b5 10. Bc2 c5 11. Nbd2 Re8 12. Nf1 Bf8 13. Bg5 h6 14. Bxf6 Qxf6 15.
Ne3 Be6 16. a3 Nc6 17. b4 g6 18. Bb3 Bg7 19. Bd5 Rac8 20. Qd2 Ne7 21. Bxe6 fxe6
22. h3 g5 23. bxc5 dxc5 24. a4 Red8 25. axb5 axb5 26. Qe2 Ng6 27. g3 Qf7 28. Ra5
Qd7 29. Qa2 Kh7 30. Ra7 Qe8 31. Qe2 Rd7 32. Nxg5+ Kg8 33. Rxd7 Qxd7 34. Nf3 Ra8
35. Rb1 Ra3 36. Qb2 Qxd3 37. Rd1 Qxc3 38. Qxb5 Ra1 39. Rxa1 Qxa1+ 40. Kg2 Qa8
41. Qc4 Qc6 42. h4 Kh7 43. Qd3 Nf8 44. Nc4 Nd7 45. Nfd2 Nb6 46. Qd6 Qxd6 47.
Nxd6 Kg8 48. N6c4 Nd7 49. Na5 Kf7 50. Ndc4 Nb8 51. Nb7 Na6 52. Kf3 Bf6 53. Kg4
Kg6 54. Nbd6 Nb4 55. Nb7 Na6 56. Nba5 Nb4 57. Nb3 Na6 58. Kf3 Kf7 59. Ke3 Ke7
60. Nc1 Nb8 61. Nd3 Nd7 62. Ne1 Kd8 63. Kf3 Bg7 64. Nc2 Ke7 65. Ne1 Ke8 66. Nd3
Ke7 67. g4 Kf6 68. Kg3 Kg6 69. f3 Bf6 70. h5+ Kf7 71. Kf2 Bh4+ 72. Kg2 Bf6 73.
Kf1 Ke7 74. Ke2 Kd8 75. Kd2 Kc7 76. Kc2 Kc6 77. Kb3 Bg7 78. Ka4 Bf6 79. Na5+ Kb6
80. Nc4+ Ka6 81. Ka3 Kb5 82. Kb3 Bg7 83. Ndb2 Bf6 84. Nd6+ Kc6 85. Nf7 Bg7 86.
Nc4 Kb5 87. g5 hxg5 88. h6 Bf6 89. Ncd6+ Kc6 90. Ne8 Kb5 91. h7 1-0

[Event "29th Avoine Open 2014"]
[Site "Avoine FRA"]
[Date "2014.07.20"]
[Round "2.4"]
[White "Schweitzer, Viktoriya"]
[Black "Filip, Lucian"]
[Result "0-1"]
[WhiteTitle "WIM"]
[BlackTitle "IM"]
[WhiteElo "2195"]
[BlackElo "2458"]
[WhiteFideId "14100878"]
[BlackFideId "1208900"]
[EventDate "2014.07.19"]

1. e4 c5 2. Nf3 Nc6 3. d3 Nf6 4. g3 d5 5. Nbd2 Bg4 6. c3 dxe4 7. dxe4 Nxe4 8.
Qa4 Nxd2 9. Nxd2 Bd7 10. Qc4 e6 11. Nf3 Qb6 12. Bg2 Be7 13. O-O O-O 14. Qe2 Rad8
15. h4 Qc7 16. Re1 Bc8 17. Ng5 h6 18. Nf3 Rfe8 19. Nh2 Bd6 20. Qh5 f5 21. Be3
Qf7 22. Qxf7+ Kxf7 23. Bxc6 bxc6 24. c4 e5 25. Rad1 f4 26. Bd2 Bc7 27. Bc3 Rxd1
28. Rxd1 e4 29. gxf4 Bxf4 30. Nf1 Bg4 31. Re1 Re6 32. Nd2 e3 33. fxe3 Rxe3 34.
Ne4 Rh3 35. Rf1 Bf3 36. Re1 Rh1+ 37. Kf2 Rxe1 38. Kxf3 Rf1+ 39. Kg2 Rc1 40. Nxc5
Rc2+ 41. Kf3 Bd2 42. Bd4 Rxc4 43. Ke4 Be1 44. Nd3 Bg3 45. h5 Ra4 46. a3 Bf2 47.
Ne5+ Kf6 48. Ng4+ Kg5 49. Nxf2 c5 50. b3 Rxd4+ 51. Ke3 Kxh5 52. b4 Rxb4 53. axb4
cxb4 54. Kf4 b3 55. Nd1 Kh4 56. Nb2 g5+ 57. Kf3 g4+ 58. Kf2 Kg5 0-1

[Event "29th Avoine Open 2014"]
[Site "Avoine FRA"]
[Date "2014.07.20"]
[Round "2.5"]
[White "Sochacki, Christophe"]
[Black "Rodriguez Rodriguez, Antonio"]
[Result "1-0"]
[WhiteTitle "IM"]
[BlackTitle "FM"]
[WhiteElo "2449"]
[BlackElo "2186"]
[WhiteFideId "662569"]
[BlackFideId "2219255"]
[EventDate "2014.07.19"]

1. e4 d6 2. d4 Nf6 3. Nc3 Nc6 4. d5 Nb8 5. Be3 a6 6. f3 e5 7. dxe6 Bxe6 8. Nge2
Be7 9. Nf4 c6 10. g4 Nfd7 11. Be2 Qa5 12. O-O g5 13. Nxe6 fxe6 14. Qd2 Ne5 15.
h4 gxh4 16. f4 Nxg4 17. Bxg4 Rg8 18. f5 Nd7 19. Kh1 Rxg4 20. fxe6 Ne5 21. Qf2
O-O-O 22. Bb6 Qb4 23. Bxd8 Kxd8 24. Rad1 Rg3 25. Qf5 Ng4 26. Rf3 h5 27. e5 Nxe5
28. Rxg3 hxg3 29. Ne4 Kc7 30. a3 Qc4 31. Nxg3 Qh4+ 32. Kg2 Ng4 33. Nf1 Nf6 34.
Rd3 Qe1 35. Ne3 Qe2+ 36. Qf2 Qxf2+ 37. Kxf2 Ne4+ 38. Kg2 Nc5 39. Rc3 Bf6 40. Rc4
Bxb2 41. e7 Kd7 42. Nf5 Bxa3 43. Rc3 Bb2 44. Re3 Be5 45. Nxd6 Kxe7 46. Nc4 b5
47. Nxe5 Kd6 48. Nf7+ Kd5 49. Re5+ Kc4 50. Rxh5 Ne6 51. Kf2 c5 52. Ke3 a5 53.
Re5 Kc3 54. Rxe6 a4 55. Ra6 Kb2 56. Nd6 a3 57. Nxb5 1-0

[Event "29th Avoine Open 2014"]
[Site "Avoine FRA"]
[Date "2014.07.20"]
[Round "2.6"]
[White "Naudion, Gregoire"]
[Black "Colin, Vincent"]
[Result "1-0"]
[BlackTitle "IM"]
[WhiteElo "2167"]
[BlackElo "2435"]
[WhiteFideId "663530"]
[BlackFideId "612324"]
[EventDate "2014.07.19"]

1. d4 Nf6 2. c4 d6 3. Nc3 e5 4. Nf3 e4 5. Nd2 Qe7 6. e3 g6 7. Be2 h5 8. h3 Bg7
9. b4 c5 10. bxc5 dxc5 11. Ba3 Na6 12. Nd5 Nxd5 13. cxd5 Nb4 14. d6 Qe6 15. Bxb4
cxb4 16. Qa4+ Bd7 17. Qxb4 O-O 18. O-O Rfb8 19. Bc4 Qf5 20. Qb3 Bc6 21. f3 exf3
22. Nxf3 Bh6 23. Rae1 b5 24. Bxf7+ Qxf7 25. Qxf7+ Kxf7 26. Ne5+ Ke6 27. Nxc6 Rb6
28. e4 Bg7 29. d7 Kxd7 30. Rf7+ Kxc6 31. Rc1+ Kd6 32. Rxg7 Re8 33. Rxg6+ Re6 34.
Rxe6+ Kxe6 35. Kf2 Ra6 36. Rc2 Ra3 37. Rd2 Kd6 38. d5 Rc3 39. g4 Rxh3 40. g5 h4
41. g6 Rh2+ 42. Ke3 Rxd2 43. Kxd2 h3 44. g7 h2 45. g8=Q h1=Q 46. Qb8+ Kc5 47.
Qxa7+ Kc4 48. Qe3 b4 49. Qd3+ Kc5 50. d6 Qh2+ 51. Kd1 Qg1+ 52. Kc2 Qg8 53. d7
Qxa2+ 54. Kd1 Qa1+ 55. Kd2 1-0

[Event "29th Avoine Open 2014"]
[Site "Avoine FRA"]
[Date "2014.07.20"]
[Round "2.7"]
[White "Vedmediuc, Serghei"]
[Black "Devallee, Jeremie"]
[Result "1-0"]
[WhiteTitle "IM"]
[WhiteElo "2430"]
[BlackElo "2169"]
[WhiteFideId "13900790"]
[BlackFideId "665240"]
[EventDate "2014.07.19"]

1. e4 c5 2. Nf3 d6 3. d4 cxd4 4. Nxd4 Nf6 5. Nc3 g6 6. Be3 Bg7 7. f3 O-O 8. Qd2
Nc6 9. Bc4 Bd7 10. O-O-O Rb8 11. Bb3 Na5 12. h4 b5 13. Bh6 Bxh6 14. Qxh6 e5 15.
Nde2 Nxb3+ 16. axb3 b4 17. Nd5 Nxd5 18. Rxd5 Rb6 19. f4 Qc7 20. f5 Rc8 21. c4
gxf5 22. exf5 Bxf5 23. Ng3 Be6 24. Nh5 f6 25. Nxf6+ Kh8 26. Nxh7 Qxh7 27. Qxe6
Qg8 28. Qf6+ Qg7 29. Qxg7+ Kxg7 30. Rhd1 Kf6 31. Rxd6+ Rxd6 32. Rxd6+ Kf5 33. h5
Rg8 34. Rg6 Rd8 35. c5 e4 36. c6 Rd5 37. g4+ Kf4 38. h6 e3 39. h7 e2 40. Re6 Rd6
41. Re8 e1=Q+ 42. Rxe1 Rxc6+ 43. Kd2 Rd6+ 44. Kc2 Rh6 45. Re7 Kxg4 46. Kd3 a5
47. Ke4 Rh5 48. Rg7+ Kh3 49. Kf4 Rh4+ 50. Kf5 Rh6 51. Kg5 Rh4 52. Kf6 1-0

[Event "29th Avoine Open 2014"]
[Site "Avoine FRA"]
[Date "2014.07.20"]
[Round "2.8"]
[White "Inkiov, Ventzislav"]
[Black "Smith, Matthieu"]
[Result "1-0"]
[WhiteTitle "GM"]
[WhiteElo "2428"]
[BlackElo "2159"]
[WhiteFideId "2900033"]
[BlackFideId "640689"]
[EventDate "2014.07.19"]

1. d4 Nf6 2. c4 e6 3. Nf3 b6 4. g3 Bb7 5. Bg2 Be7 6. O-O O-O 7. Nc3 Ne4 8. Bd2
d6 9. d5 Nxd2 10. Nxd2 e5 11. e4 a5 12. f4 exf4 13. gxf4 Bf6 14. Qc2 Nd7 15. Nf3
Re8 16. Rae1 g6 17. Nb5 Bg7 18. Nfd4 Nc5 19. Nc6 Bxc6 20. dxc6 Re7 21. Nc3 Bd4+
22. Kh1 Bxc3 23. Qxc3 Qe8 24. e5 dxe5 25. fxe5 Rd8 26. Bd5 Ne6 27. Rf6 Qf8 28.
Ref1 Rde8 29. Qe3 Qg7 30. h4 h6 31. h5 g5 32. Qf2 Rf8 33. Qf5 Rfe8 34. Bxe6 fxe6
35. Qe4 Kh8 36. Rg6 Qh7 37. Rff6 1-0

[Event "29th Avoine Open 2014"]
[Site "Avoine FRA"]
[Date "2014.07.20"]
[Round "2.9"]
[White "Godart, Francois"]
[Black "Bizovi, Mihai"]
[Result "1-0"]
[WhiteTitle "FM"]
[WhiteElo "2399"]
[BlackElo "2157"]
[WhiteFideId "208078"]
[BlackFideId "13903748"]
[EventDate "2014.07.19"]

1. Nc3 e6 2. e4 d5 3. Nf3 Nf6 4. e5 Nfd7 5. d4 c5 6. dxc5 Nc6 7. Bf4 Bxc5 8. Bd3
f6 9. exf6 Nxf6 10. O-O O-O 11. Bg3 a6 12. a3 Bd7 13. b4 Be7 14. Ne5 Rc8 15.
Nxc6 Rxc6 16. Ne2 Ne4 17. Nd4 Rc3 18. Bxe4 dxe4 19. Qe1 Rc4 20. Qxe4 Bf6 21.
Rfd1 Qb6 22. Be5 Ba4 23. Qe2 Rxd4 24. Rxd4 Bxc2 25. Rd6 Qb5 26. Qxb5 1-0

[Event "29th Avoine Open 2014"]
[Site "Avoine FRA"]
[Date "2014.07.20"]
[Round "2.10"]
[White "Schmit, Vincent"]
[Black "Petre, Nad-Titus"]
[Result "0-1"]
[BlackTitle "IM"]
[WhiteElo "2144"]
[BlackElo "2371"]
[WhiteFideId "20622430"]
[BlackFideId "1204165"]
[EventDate "2014.07.19"]

1. e4 d5 2. exd5 Qxd5 3. Nc3 Qa5 4. g3 Nf6 5. Bg2 c6 6. d4 Bg4 7. Ne2 Bxe2 8.
Qxe2 e6 9. O-O Be7 10. Re1 O-O 11. Ne4 Nxe4 12. Bxe4 Nd7 13. c3 Nf6 14. Bg2 Rfd8
15. Bf4 Bd6 16. Bxd6 Rxd6 17. Qc4 Qd8 18. a4 a5 19. b4 axb4 20. Qxb4 Rd7 21. a5
Nd5 22. Qc5 g6 23. Bf1 Qe7 24. Qc4 Qd6 25. Qb3 Kg7 26. Bg2 Qc7 27. c4 Ne7 28.
Qc3 Kg8 29. Red1 Rad8 30. a6 bxa6 31. Rxa6 e5 32. d5 cxd5 33. c5 Nc6 34. Rb1 e4
35. Qf6 Na7 36. Bh3 Re7 37. c6 Rd6 38. Rb8+ Qxb8 39. Qxe7 Nxc6 40. Qg5 Nd4 0-1

[Event "29th Avoine Open 2014"]
[Site "Avoine FRA"]
[Date "2014.07.20"]
[Round "2.11"]
[White "Bujisho, Benjamin"]
[Black "Cau, Benjamin"]
[Result "1-0"]
[WhiteTitle "IM"]
[WhiteElo "2367"]
[BlackElo "2148"]
[WhiteFideId "608610"]
[BlackFideId "621625"]
[EventDate "2014.07.19"]

1. Nf3 d5 2. g3 c5 3. Bg2 Nc6 4. O-O e5 5. d3 Nf6 6. Na3 Bd6 7. e4 dxe4 8. dxe4
O-O 9. Re1 Be6 10. c3 Qe7 11. Nh4 Rad8 12. Qe2 Rfe8 13. h3 Bb8 14. Nc4 Qd7 15.
Bg5 Qd3 16. Ne3 Qxe2 17. Rxe2 Ne7 18. Bxf6 gxf6 19. Nhf5 Bxf5 20. exf5 Rd7 21.
a4 Red8 22. Kf1 Nc6 23. Bxc6 bxc6 24. Ke1 Rb7 25. Rd1 Rxd1+ 26. Kxd1 Bd6 27. Nc4
Be7 28. Rd2 Kf8 29. Ke2 Rc7 30. Kf3 Rb7 31. Ke4 Rc7 32. Na5 Ke8 33. Kd3 Rd7+ 34.
Kc2 Rc7 35. Kb3 Kf8 36. Kc4 Kg7 37. Nb3 Kh6 38. h4 Kh5 39. f3 Kh6 40. Nxc5 Kg7
41. Rd7 Rxd7 42. Nxd7 Bd6 43. Nc5 Kf8 44. Ne4 Be7 45. g4 Ke8 46. b4 Kd7 47. b5
Kc7 48. Nf2 Kb6 49. Nd3 cxb5+ 50. axb5 a6 51. bxa6 Kxa6 52. Nb4+ Kb7 53. Nd5 Bd8
54. Kb5 Kb8 55. Kc6 Kc8 56. c4 h6 57. h5 1-0

[Event "29th Avoine Open 2014"]
[Site "Avoine FRA"]
[Date "2014.07.20"]
[Round "2.12"]
[White "Goupil, Arnaud"]
[Black "Shirazi, Kamran"]
[Result "0-1"]
[BlackTitle "IM"]
[WhiteElo "2126"]
[BlackElo "2363"]
[WhiteFideId "619248"]
[BlackFideId "2000733"]
[EventDate "2014.07.19"]

1. d4 Nf6 2. Nf3 d6 3. Bf4 c5 4. c3 Nbd7 5. e3 cxd4 6. exd4 Nh5 7. Bg5 h6 8. Be3
g6 9. Bc4 Bg7 10. Qd2 f5 11. Qc2 Ndf6 12. O-O a6 13. a4 d5 14. Bd3 O-O 15. Ne5
f4 16. Bc1 g5 17. f3 Bd7 18. Nd2 Be8 19. Nb3 Nd7 20. Bh7+ Kh8 21. Ng6+ Bxg6 22.
Bxg6 Nhf6 23. Re1 Ne8 24. Bf5 Bf6 25. a5 Ng7 26. Bxd7 Qxd7 27. Nc5 Qc6 28. b4
Rae8 29. Bb2 e5 30. Kh1 exd4 31. cxd4 Rxe1+ 32. Rxe1 Re8 33. Qd2 Nf5 34. Rxe8+
Qxe8 35. Bc3 Kg8 36. Qd3 Nd6 37. Kg1 Kg7 38. Kf1 Qc8 39. Qe2 Kf7 40. Ke1 Qf5 41.
Qd3 Qxd3 42. Nxd3 Nb5 43. Kd2 Be7 44. Nc1 Ke6 45. Nb3 Kd7 46. Kd3 Kc6 47. Bd2
Bd6 48. h4 Nc7 49. hxg5 hxg5 50. Nc5 Kb5 51. Nxb7 Bxb4 52. Bxb4 Kxb4 53. Nd8
Kxa5 54. Nf7 Ne6 55. Kc3 Ka4 56. Nd6 a5 57. Nf5 Ka3 58. g3 g4 59. fxg4 f3 60.
Ne3 f2 61. Kd3 Kb3 62. Ke2 a4 0-1

[Event "29th Avoine Open 2014"]
[Site "Avoine FRA"]
[Date "2014.07.20"]
[Round "2.13"]
[White "Bon, Michael"]
[Black "Malassagne, Raphael"]
[Result "1/2-1/2"]
[WhiteTitle "FM"]
[WhiteElo "2353"]
[BlackElo "2138"]
[WhiteFideId "620696"]
[BlackFideId "20666276"]
[EventDate "2014.07.19"]

1. e4 c6 2. d4 d5 3. f3 dxe4 4. fxe4 e5 5. Nf3 Bg4 6. Bc4 Nd7 7. O-O Ngf6 8. c3
Bh5 9. Nbd2 Bd6 10. Qe1 Qc7 11. Bb3 b5 12. a4 O-O 13. axb5 cxb5 14. Ra6 Rae8 15.
Qg3 Bg6 16. Nh4 Kh8 17. Nxg6+ fxg6 18. Qh4 exd4 19. cxd4 Nxe4 20. Nf3 Rf5 21.
Re1 Ndf6 22. Ne5 Bxe5 23. dxe5 Qxe5 24. Rxa7 Qd4+ 25. Be3 Qxb2 26. Bf7 Rh5 27.
Qf4 Rc8 28. Qc7 Qc3 29. Qxc3 Nxc3 30. Bd4 Ncd5 31. g4 Rg5 32. h3 h5 33. Re5 Rxe5
34. Bxe5 hxg4 1/2-1/2

[Event "29th Avoine Open 2014"]
[Site "Avoine FRA"]
[Date "2014.07.20"]
[Round "2.14"]
[White "Doluhanova, Evgeniya"]
[Black "Dubois, Pierre"]
[Result "1-0"]
[WhiteTitle "WGM"]
[WhiteElo "2334"]
[BlackElo "2124"]
[WhiteFideId "14112035"]
[BlackFideId "673609"]
[EventDate "2014.07.19"]

1. e4 e5 2. Nf3 Nc6 3. Nc3 Nf6 4. d4 exd4 5. Nxd4 Bb4 6. Nxc6 bxc6 7. Bd3 d5 8.
exd5 cxd5 9. O-O O-O 10. h3 c6 11. Qf3 Bd6 12. Bf4 Rb8 13. b3 Rb4 14. Bxd6 Qxd6
15. Rfe1 h6 16. Qe2 Rh4 17. Qe5 Qxe5 18. Rxe5 Be6 19. Na4 Nd7 20. Re2 Rb8 21.
Rd1 c5 22. c3 c4 23. bxc4 dxc4 24. Bc2 Nb6 25. Nxb6 axb6 26. Re5 g6 27. Bxg6
Bxh3 28. Bc2 Be6 29. Rb5 Rf4 30. Rd6 Kg7 31. Rbxb6 Ra8 32. a4 Ra5 33. Rb5 Rxb5
34. axb5 1-0

[Event "29th Avoine Open 2014"]
[Site "Avoine FRA"]
[Date "2014.07.20"]
[Round "2.15"]
[White "Perrin, Guillaume"]
[Black "Goettelmann, Guillaume"]
[Result "1-0"]
[WhiteTitle "FM"]
[WhiteElo "2294"]
[BlackElo "2119"]
[WhiteFideId "616931"]
[BlackFideId "645818"]
[EventDate "2014.07.19"]

1. Nf3 Nf6 2. c4 g6 3. Nc3 d5 4. cxd5 Nxd5 5. g3 Bg7 6. Bg2 O-O 7. O-O Nc6 8.
Qc2 Nb6 9. d3 e5 10. Bg5 f6 11. Be3 Be6 12. Rfd1 Rf7 13. d4 Rd7 14. dxe5 fxe5
15. Ng5 Nd4 16. Bxd4 Qxg5 17. Be3 Rxd1+ 18. Rxd1 Qe7 19. Bxb7 Rb8 20. Bg2 Nc4
21. Nd5 1-0

[Event "29th Avoine Open 2014"]
[Site "Avoine FRA"]
[Date "2014.07.20"]
[Round "2.16"]
[White "Bouget, Alexandre"]
[Black "Rubino, William"]
[Result "1-0"]
[WhiteTitle "FM"]
[WhiteElo "2287"]
[BlackElo "2116"]
[WhiteFideId "681318"]
[BlackFideId "631019"]
[EventDate "2014.07.19"]

1. d4 Nf6 2. c4 e6 3. Nc3 d5 4. cxd5 exd5 5. Bg5 c6 6. Qc2 Na6 7. e3 Nb4 8. Qd2
Bf5 9. Rc1 a5 10. a3 Na6 11. f3 Be7 12. g4 Bg6 13. h4 h6 14. Bf4 Bd6 15. Nge2
Nc7 16. Bxd6 Qxd6 17. Nf4 Bh7 18. g5 Nd7 19. Bh3 hxg5 20. hxg5 Bf5 21. Qg2 Bxh3
22. Rxh3 O-O-O 23. Kf2 Ne6 24. Nb5 Qe7 25. Nxd5 Qxg5 26. Qh2 Ne5 27. Nb6+ Kb8
28. Rxh8 cxb5 29. Rxd8+ Ka7 30. Nc8+ Ka8 31. dxe5 Qxd8 32. Nd6 Ka7 33. Rc8 Qd7
34. Qh8 g5 35. Ra8+ Kb6 36. Qb8 1-0

[Event "29th Avoine Open 2014"]
[Site "Avoine FRA"]
[Date "2014.07.20"]
[Round "2.17"]
[White "Le Borgne, Pierre"]
[Black "Caille, Vincent"]
[Result "1/2-1/2"]
[WhiteElo "2280"]
[BlackElo "2113"]
[WhiteFideId "624799"]
[BlackFideId "20681356"]
[EventDate "2014.07.19"]

1. e4 c5 2. Nf3 Nc6 3. Bb5 g6 4. Bxc6 dxc6 5. d3 Bg7 6. h3 e5 7. O-O f6 8. Be3
b6 9. a3 a5 10. Nbd2 Nh6 11. b4 cxb4 12. axb4 a4 13. c4 b5 14. cxb5 cxb5 15. Nb3
O-O 16. Nc5 Nf7 17. d4 f5 18. exf5 Bxf5 19. d5 e4 20. Nd4 Qxd5 21. Nxf5 1/2-1/2

[Event "29th Avoine Open 2014"]
[Site "Avoine FRA"]
[Date "2014.07.20"]
[Round "2.18"]
[White "Grigorian, Roudolph"]
[Black "Coursaget, Nicolas"]
[Result "0-1"]
[BlackTitle "FM"]
[WhiteElo "2107"]
[BlackElo "2274"]
[WhiteFideId "675768"]
[BlackFideId "610127"]
[EventDate "2014.07.19"]

1. e4 Nf6 2. d3 d6 3. Nf3 c5 4. Be2 g6 5. O-O Bg7 6. c3 Nc6 7. Nbd2 O-O 8. Re1
Nh5 9. Nf1 e5 10. g3 h6 11. Ne3 Nf6 12. a4 d5 13. Qc2 Be6 14. Nd2 d4 15. Nec4
Ng4 16. h3 Nf6 17. Bf1 Qd7 18. Kh2 Ne8 19. f4 exf4 20. gxf4 Nf6 21. Nf3 Nh5 22.
Nce5 Nxe5 23. fxe5 f6 24. exf6 Rxf6 25. Qg2 Bxh3 26. Qxh3 Qxh3+ 27. Bxh3 Rxf3
28. cxd4 Rf2+ 29. Bg2 Bxd4 30. Bxh6 Be5+ 31. Kg1 Rxb2 32. Rab1 Rxb1 33. Rxb1 b6
34. Bh3 Rd8 35. Rb3 Bf4 36. Be6+ Kh7 37. Bxf4 Nxf4 38. Bc4 Ne2+ 39. Kf2 Nd4 40.
Rb1 Rf8+ 41. Kg2 Kg7 42. a5 b5 43. Bd5 b4 44. Rc1 Rc8 45. Rf1 Rc7 46. Rf2 Nc6
47. a6 Ne5 48. Rd2 Kf6 49. Kf2 Ke7 50. Ke3 Kd6 51. Rb2 Rh7 52. Rg2 Rh3+ 53. Ke2
Rxd3 54. Rh2 Ra3 55. Rh7 Rxa6 56. Ke3 Ra3+ 57. Kf4 c4 58. Rb7 c3 0-1

[Event "29th Avoine Open 2014"]
[Site "Avoine FRA"]
[Date "2014.07.20"]
[Round "2.19"]
[White "Le Corre, Benjamin"]
[Black "Micottis, Dorian"]
[Result "1/2-1/2"]
[WhiteTitle "FM"]
[WhiteElo "2272"]
[BlackElo "2108"]
[WhiteFideId "639605"]
[BlackFideId "26021986"]
[EventDate "2014.07.19"]

1. e4 c5 2. Nf3 e6 3. d4 cxd4 4. Nxd4 a6 5. Nc3 Qc7 6. g3 Bb4 7. Ne2 Be7 8. Bg2
Nf6 9. O-O d6 10. h3 O-O 11. g4 Nc6 12. g5 Nd7 13. a4 Rb8 14. h4 b5 15. axb5
axb5 16. Nd4 Nxd4 17. Qxd4 b4 18. Ra7 Qc5 19. Qxc5 Nxc5 20. Na4 Rb7 21. Rxb7
Bxb7 22. Nxc5 dxc5 23. Be3 Ra8 24. Rd1 Kf8 25. b3 Ke8 26. f3 Ra2 27. Bf1 Ba6 28.
Bxa6 Rxa6 29. Kf2 Ra2 30. Rd2 f6 31. f4 Ra3 32. Re2 c4 33. bxc4 Rc3 34. f5 Rxc4
35. Kf3 Kf7 36. Bf4 exf5 37. exf5 g6 38. fxg6+ hxg6 39. gxf6 Bxf6 40. Bg5 Bxg5 1/2-1/2